[Event "SVK-ch U08"]
[Site "Liptovsky Mikulas"]
[Date "2018.04.24"]
[Round "6"]
[White "Szczygel, Viktor"]
[Black "Sokolsky, David"]
[Result "1/2-1/2"]
[WhiteElo "1000"]
[BlackElo "1000"]
[PlyCount "44"]
[EventDate "2018.04.21"]
[EventType "swiss"]
[EventRounds "9"]
[EventCountry "SVK"]
[SourceTitle "CBM 184 Extra"]
[Source "ChessBase"]
[SourceDate "2018.06.28"]
[SourceVersion "1"]
[SourceVersionDate "2018.06.28"]
[SourceQuality "1"]

1. e4 e5 2. Nf3 Nc6 3. Nc3 Bc5 4. Bc4 Nf6 5. d3 Ng4 6. 0-0 0-0 7. Bg5 Nf6 8. Nd5 Be7 9. Nxe7+ Qxe7 10. Bxf6 Qxf6 11. Bb3 Qd8 12. c3 d6 13. Bc2 Bg4 14. h3 Bxf3 15. Qxf3 Qd7 16. Qg3 h6 17. Rfe1 Rae8 18. Re3 g6 19. Qh4 g5 20. Qxh6 g4 21. hxg4 Qxg4 22. Rh3 Qg7 1/2-1/2

[Event "SVK-ch U08"]
[Site "Liptovsky Mikulas"]
[Date "2018.04.23"]
[Round "4"]
[White "Sun, Martin"]
[Black "Sokolsky, David"]
[Result "1-0"]
[WhiteElo "1000"]
[BlackElo "1000"]
[PlyCount "102"]
[EventDate "2018.04.21"]
[EventType "swiss"]
[EventRounds "9"]
[EventCountry "SVK"]
[SourceTitle "CBM 184 Extra"]
[Source "ChessBase"]
[SourceDate "2018.06.28"]
[SourceVersion "1"]
[SourceVersionDate "2018.06.28"]
[SourceQuality "1"]

1. e4 e5 2. Nf3 Nc6 3. Nc3 Nf6 4. Bc4 Bc5 5. h3 0-0 6. d3 d6 7. Bg5 h6 8. Bh4 Nd4 9. Qd2 Nxf3+ 10. gxf3 Bb4 11. 0-0-0 Bxc3 12. Qxc3 g5 13. Bg3 Nh5 14. Qb3 Nxg3 15. fxg3 Bd7 16. h4 gxh4 17. gxh4 Qc8 18. Rh2 Bh3 19. Rdh1 Bg4 20. Rg1 a6 21. h5 b5 22. Bd5 c6 23. Bxc6 Qxc6 24. Rhg2 Rac8 25. Rxg4+ Kh8 26. R1g2 Qb7 27. Rh2 a5 28. c4 a4 29. Qb4 f5 30. exf5 Rxf5 31. Rg3 Rxf3 32. Rxf3 Qxf3 33. Qxb5 Rf8 34. Qxa4 Qxd3 35. b3 Rf1+ 36. Kb2 Qb1+ 37. Ka3 Rh1 38. Rxh1 Qxh1 39. Qe8+ Kg7 40. b4 e4 41. Qg6+ Kf8 42. Qxh6+ Ke8 43. Qg6+ Kf8 44. h6 Qh3+ 45. Ka4 e3 46. Qg7+ Ke8 47. h7 e2 48. h8Q+ Qxh8 49. Qxh8+ Ke7 50. Qh4+ Ke6 51. Qh3+ Ke5 1-0